[Event "Jack Taylor mem."]
[Site "Victoria, BC CAN"]
[Date "2021.11.13"]
[Round "1"]
[White "Patterson, Roger"]
[Black "Xu, Andrew"]
[Result "1-0"]
[WhiteElo "2104"]
[BlackElo "1592"]
[PlyCount "67"]
[EventDate "2021.11.13"]
[EventType "swiss"]
[EventRounds "5"]
[EventCountry "CAN"]

1. c4 Nf6 2. Nc3 d5 3. cxd5 Nxd5 4. g3 g6 5. Bg2 Nxc3 6. bxc3 Bg7 7. Nf3 c5 8.
Qa4+ Bd7 9. Qa3 Qc7 10. O-O O-O 11. d4 Na6 12. Bf4 Qc8 13. Rfe1 h6 14. h4 Bc6
15. e4 Bd7 16. Rab1 b6 17. Be5 Nc7 18. Bxg7 Kxg7 19. Ne5 Be8 20. d5 Nb5 21. Qb2
Nd6 22. Nd3 c4 23. Nf4 Rb8 24. Qd2 Qc5 25. g4 Bd7 26. e5 Nb7 27. e6 fxe6 28.
Rxe6 Rxf4 29. Qxf4 Rf8 30. Qe5+ Kf7 31. Qe2 Kg8 32. Rxg6+ Kh7 33. Be4 Rf4 34.
Rc6+ 1-0

[Event "Jack Taylor mem."]
[Site "Victoria, BC CAN"]
[Date "2021.11.13"]
[Round "1"]
[White "Reid, Euan"]
[Black "Huang, Patrick"]
[Result "0-1"]
[WhiteElo "1700"]
[BlackElo "2247"]
[PlyCount "106"]
[EventDate "2021.11.13"]
[EventType "swiss"]
[EventRounds "5"]
[EventCountry "CAN"]

1. c4 b6 2. Nf3 e6 3. g3 Bb7 4. Bg2 Nf6 5. d3 d5 6. cxd5 exd5 7. O-O Be7 8. b3
O-O 9. d4 Nbd7 10. Ba3 c5 11. Nbd2 Rc8 12. Rc1 Re8 13. e3 Ba6 14. Re1 b5 15.
dxc5 Qa5 16. Nb1 b4 17. c6 Nc5 18. Bb2 Nd3 19. Rc2 Nxe1 20. Nxe1 Qb5 21. Bxf6
Bxf6 22. Qxd5 Red8 23. Qf3 Qe5 24. Bf1 Bxf1 25. Kxf1 Qd5 26. Qxd5 Rxd5 27. Ke2
Rd6 28. Nd3 a5 29. Nd2 Rdxc6 30. Rxc6 Rxc6 31. Nc4 Bc3 32. e4 f6 33. Ke3 a4 34.
h4 Rxc4 35. bxc4 b3 36. axb3 axb3 37. f4 b2 38. Nxb2 Bxb2 39. g4 h6 40. Kd3 Kf7
41. c5 Ke6 42. Kc4 Bc1 43. f5+ Kd7 44. Kd5 Bf4 45. c6+ Kc7 46. Ke6 Kxc6 47. Kf7
Kd6 48. Kxg7 Ke5 49. Kg6 Be3 50. g5 hxg5 51. hxg5 Bxg5 52. Kh5 Kxe4 53. Kg4 Bd2
0-1

[Event "Jack Taylor mem."]
[Site "Victoria, BC CAN"]
[Date "2021.11.13"]
[Round "2"]
[White "Huang, Patrick"]
[Black "Yang, Henry"]
[Result "1-0"]
[WhiteElo "2247"]
[BlackElo "1584"]
[PlyCount "45"]
[EventDate "2021.11.13"]
[EventType "swiss"]
[EventRounds "5"]
[EventCountry "CAN"]

1. d4 d5 2. Bf4 Nf6 3. e3 Bf5 4. Nf3 e6 5. c4 Bxb1 6. Qxb1 Bb4+ 7. Kd1 O-O 8.
c5 c6 9. Bd3 Nbd7 10. Ke2 Ba5 11. g4 Bc7 12. Bxc7 Qxc7 13. g5 Nh5 14. Bxh7+ Kh8
15. g6 Nhf6 16. Ng5 e5 17. gxf7 exd4 18. Ne6 Qe5 19. Nf4 Qxf4 20. exf4 Nxh7 21.
Qg6 Nxc5 22. Rag1 d3+ 23. Kd1 1-0

[Event "Jack Taylor mem."]
[Site "Victoria, BC CAN"]
[Date "2021.11.13"]
[Round "2"]
[White "Lee, Mau Seng"]
[Black "Patterson, Roger"]
[Result "0-1"]
[WhiteElo "1524"]
[BlackElo "2104"]
[PlyCount "114"]
[EventDate "2021.11.13"]
[EventType "swiss"]
[EventRounds "5"]
[EventCountry "CAN"]

1. e4 c5 2. e5 Nc6 3. f4 d6 4. Nf3 Bg4 5. Be2 e6 6. O-O Rc8 7. Nc3 dxe5 8. fxe5
Nge7 9. Kh1 Ng6 10. d3 Be7 11. Bd2 O-O 12. Qe1 Ngxe5 13. Nxe5 Nxe5 14. Bxg4
Nxg4 15. Qg3 Nf6 16. Rad1 b6 17. Bc1 Qc7 18. Qh3 Rcd8 19. Bg5 Nd5 20. Nxd5 Rxd5
21. Bxe7 Qxe7 22. Rde1 Qd7 23. Re4 f5 24. Re2 Rf6 25. Rfe1 Qd6 26. Qh5 Rg6 27.
Qf3 Qd7 28. Re5 Rxe5 29. Rxe5 Kf7 30. b3 Kf6 31. Re1 Qd5 32. Qxd5 exd5 33. Re8
a5 34. Kg1 d4 35. Kf2 Kf7 36. Re5 Rf6 37. Kf3 g6 38. g3 Re6 39. Kf4 h6 40. h4
Kf6 41. Rxe6+ Kxe6 42. a4 Kf6 43. g4 g5+ 44. hxg5+ hxg5+ 45. Kf3 fxg4+ 46. Kxg4
Kg6 47. Kg3 Kf5 48. Kf3 g4+ 49. Kg3 Kg5 50. Kg2 Kf4 51. Kf2 g3+ 52. Kg2 Kg4 53.
Kg1 Kf3 54. Kf1 Ke3 55. Kg2 Kd2 56. Kxg3 Kxc2 57. Kf4 Kxd3 0-1

[Event "Jack Taylor mem."]
[Site "Victoria, BC CAN"]
[Date "2021.11.13"]
[Round "2"]
[White "Machado De Oliveira, Nicolau"]
[Black "Kenney, Jason"]
[Result "0-1"]
[WhiteElo "1796"]
[BlackElo "2264"]
[PlyCount "86"]
[EventDate "2021.11.13"]
[EventType "swiss"]
[EventRounds "5"]
[EventCountry "CAN"]

1. e4 c6 2. Nc3 d5 3. Nf3 Nf6 4. exd5 cxd5 5. d4 Bg4 6. Be2 Nc6 7. O-O e6 8. h3
Bxf3 9. Bxf3 Bd6 10. Re1 Bb4 11. a3 Bxc3 12. bxc3 Na5 13. Qd3 O-O 14. Rb1 Ne8
15. Bf4 Nd6 16. Be2 Rc8 17. Qf3 Ne4 18. Bd3 Rxc3 19. Rxe4 dxe4 20. Qxe4 g6 21.
Bh6 Re8 22. Rb5 Rxa3 23. Qe5 f6 24. Qg3 a6 25. Rc5 Nc6 26. c3 f5 27. h4 Ra5 28.
Rxa5 Qxa5 29. h5 Kf7 30. hxg6+ hxg6 31. Bc4 Rh8 32. Bxe6+ Kxe6 33. Qxg6+ Kd5
34. Qf7+ Ke4 35. Qe6+ Kd3 36. Qe3+ Kc4 37. Qe2+ Kd5 38. c4+ Kd6 39. c5+ Kd7 40.
Qh5 Qa1+ 41. Kh2 Qxd4 42. Qxf5+ Kc7 43. Qf7+ Kb8 0-1

[Event "Jack Taylor mem."]
[Site "Victoria, BC CAN"]
[Date "2021.11.13"]
[Round "2"]
[White "Moore, Jonathan"]
[Black "Moura, Eduardo"]
[Result "0-1"]
[WhiteElo "1572"]
[BlackElo "2187"]
[PlyCount "64"]
[EventDate "2021.11.13"]
[EventType "swiss"]
[EventRounds "5"]
[EventCountry "CAN"]

1. d4 g6 2. c4 Bg7 3. Nc3 c5 4. d5 d6 5. Qc2 Nf6 6. e4 e6 7. Nf3 O-O 8. Bd3
exd5 9. cxd5 Na6 10. Bxa6 bxa6 11. O-O Re8 12. Bg5 h6 13. Bf4 Nh5 14. Be3 f5
15. exf5 Bxf5 16. Qa4 Rb8 17. Qa3 Qf6 18. Nd2 Rb4 19. Rac1 Bd3 20. Rfe1 Rf8 21.
f3 Nf4 22. Nde4 Bxe4 23. Bxf4 Qxf4 24. Ne2 Qf7 25. fxe4 Qf2+ 26. Kh1 Bxb2 27.
Qg3 Qxg3 28. Nxg3 Bxc1 29. Rxc1 Rfb8 30. Kg1 Rb1 31. Rxb1 Rxb1+ 32. Kf2 Rb2+
0-1

[Event "Jack Taylor mem."]
[Site "Victoria, BC CAN"]
[Date "2021.11.13"]
[Round "2"]
[White "Setiadikurnia, Sloan Christopher"]
[Black "Trenton, Isaac"]
[Result "1/2-1/2"]
[WhiteElo "2141"]
[BlackElo "1540"]
[PlyCount "195"]
[EventDate "2021.11.13"]
[EventType "swiss"]
[EventRounds "5"]
[EventCountry "CAN"]

1. e4 c5 2. Nf3 d6 3. d4 cxd4 4. Nxd4 Nf6 5. Nc3 g6 6. Be3 Bg7 7. f3 O-O 8. Qd2
Nc6 9. O-O-O Qa5 10. Kb1 Bd7 11. Nb3 Qc7 12. h4 h5 13. Bg5 Be6 14. Nd5 Bxd5 15.
exd5 Ne5 16. Bh6 Rfc8 17. Bxg7 Kxg7 18. c3 Rab8 19. Nd4 a6 20. Qg5 Qd7 21. Bd3
Nxd3 22. Rxd3 Rc5 23. Nc2 Rbc8 24. Ne3 Qb5 25. c4 Qd7 26. g4 Rh8 27. Re1 Kf8
28. Rh1 b5 29. b4 bxc4 30. bxc5 Qb5+ 31. Ka1 cxd3 32. cxd6 Qb4 33. dxe7+ Qxe7
34. Rd1 Nd7 35. Rxd3 Qxg5 36. hxg5 h4 37. Nf1 Ne5 38. Re3 Nc4 39. Rc3 Nb6 40.
d6 Ke8 41. Rc6 Kd7 42. Rxb6 Rc8 43. Kb2 Re8 44. Kc3 Re1 45. Nh2 Rh1 46. Rb2
Kxd6 47. f4 Kd5 48. Kd3 Rg1 49. Ke3 h3 50. Nf3 Rxg4 51. Rd2+ Kc5 52. Rh2 Rg3
53. Kf2 Rg4 54. Rxh3 Rxf4 55. Ke3 Ra4 56. Rh2 Kd5 57. Rd2+ Ke6 58. Rc2 Kf5 59.
Kf2 Kf4 60. Rd2 Ra3 61. Rd4+ Kf5 62. Kg3 Rxa2 63. Rf4+ Ke6 64. Rf6+ Ke7 65. Ne5
Ra3+ 66. Kf4 Ra4+ 67. Ke3 Ra3+ 68. Kd4 Rg3 69. Rxf7+ Ke8 70. Ra7 Rxg5 71. Rxa6
Ke7 72. Kd5 Rg1 73. Nxg6+ Kf7 74. Ne5+ Ke7 75. Ra7+ Kf8 76. Ke6 Re1 77. Rf7+
Kg8 78. Rf3 Kg7 79. Rg3+ Kf8 80. Rg2 Re3 81. Kf6 Re1 82. Nf3 Rf1 83. Rg3 Ke8
84. Ke6 Kd8 85. Ne5 Kc7 86. Rc3+ Kb6 87. Kd6 Rf6+ 88. Kd5 Rf1 89. Nc4+ Kb7 90.
Nd6+ Kb6 91. Rg3 Kc7 92. Rg7+ Kd8 93. Ke5 Re1+ 94. Ne4 Kc8 95. Rh7 Kd8 96. Kd5
Rd1+ 97. Ke6 Re1 98. Rg7 1/2-1/2

[Event "Jack Taylor mem."]
[Site "Victoria, BC CAN"]
[Date "2021.11.13"]
[Round "3"]
[White "Jiang, Kate"]
[Black "Pitre, Hanniegn"]
[Result "1/2-1/2"]
[WhiteElo "1929"]
[BlackElo "1905"]
[PlyCount "94"]
[EventDate "2021.11.13"]
[EventType "swiss"]
[EventRounds "5"]
[EventCountry "CAN"]

1. e4 d5 2. exd5 Nf6 3. d4 Bg4 4. Be2 Bxe2 5. Qxe2 Qxd5 6. Nf3 e6 7. O-O h6 8.
c4 Qf5 9. d5 Bd6 10. Re1 O-O 11. dxe6 Nc6 12. exf7+ Rxf7 13. a3 Re8 14. Qf1
Rxe1 15. Qxe1 Re7 16. Qd1 g5 17. h3 g4 18. hxg4 Nxg4 19. b4 Bh2+ 20. Kf1 Rd7
21. Qe2 Re7 22. Qd1 Rd7 23. Nbd2 Nd4 24. Nb3 Be5 25. Ra2 Nxf3 26. Qc2 Nfh2+ 27.
Ke1 Qxc2 28. Rxc2 Re7 29. Re2 Bc3+ 30. Kd1 Rxe2 31. Kxe2 Ne5 32. f3 Nhg4 33.
fxg4 Nxg4 34. Bf4 Be5 35. Bc1 Kf7 36. Na5 b6 37. Nc6 a6 38. Kf3 h5 39. Ke4 Bd6
40. Kf5 Nf2 41. Be3 Nd3 42. Kg5 Ne1 43. c5 bxc5 44. bxc5 Bh2 45. Nb8 Nxg2 46.
Bd2 h4 47. Nxa6 Ke6 1/2-1/2

[Event "Jack Taylor mem."]
[Site "Victoria, BC CAN"]
[Date "2021.11.13"]
[Round "3"]
[White "Kenney, Jason"]
[Black "Williamson, Jason"]
[Result "1-0"]
[WhiteElo "2264"]
[BlackElo "1922"]
[PlyCount "41"]
[EventDate "2021.11.13"]
[EventType "swiss"]
[EventRounds "5"]
[EventCountry "CAN"]

1. e4 c5 2. Nc3 Nc6 3. Bb5 Nf6 4. Bxc6 dxc6 5. d3 g6 6. Be3 Nd7 7. Qd2 h5 8. f4
Bg7 9. Nf3 b5 10. Rb1 b4 11. Ne2 a5 12. O-O Ba6 13. b3 a4 14. e5 e6 15. Ng3 O-O
16. Ne4 f6 17. Nxc5 Qe7 18. Nxd7 Qxd7 19. exf6 Bxf6 20. Qxb4 Rfb8 21. Qe4 1-0

[Event "Jack Taylor mem."]
[Site "Victoria, BC CAN"]
[Date "2021.11.13"]
[Round "3"]
[White "Mok, Gillian"]
[Black "Guo, Veronica (Yu Han)"]
[Result "1-0"]
[WhiteElo "1727"]
[BlackElo "1828"]
[PlyCount "29"]
[EventDate "2021.11.13"]
[EventType "swiss"]
[EventRounds "5"]
[EventCountry "CAN"]

1. e4 c6 2. d4 d5 3. exd5 cxd5 4. c4 Nf6 5. Nc3 Nc6 6. Nf3 Bg4 7. cxd5 Nxd5 8.
Qb3 Bxf3 9. gxf3 e6 10. Qxb7 Nxd4 11. Bb5+ Nxb5 12. Qc6+ Ke7 13. Nxb5 g6 14.
Nd4 Nb4 15. Bg5+ 1-0

[Event "Jack Taylor mem."]
[Site "Victoria, BC CAN"]
[Date "2021.11.13"]
[Round "3"]
[White "Moura, Eduardo"]
[Black "Huang, Patrick"]
[Result "1/2-1/2"]
[WhiteElo "2187"]
[BlackElo "2247"]
[PlyCount "43"]
[EventDate "2021.11.13"]
[EventType "swiss"]
[EventRounds "5"]
[EventCountry "CAN"]

1. e4 g6 2. c4 Bg7 3. Nc3 d6 4. g3 c5 5. Bg2 Nc6 6. Nge2 e5 7. d3 Nge7 8. h4
Nd4 9. Nxd4 exd4 10. Nd5 Nxd5 11. exd5 O-O 12. O-O a6 13. Re1 b5 14. b3 Ra7 15.
Bg5 f6 16. Bd2 Re7 17. Rxe7 Qxe7 18. Qf1 Bf5 19. Re1 Qd7 20. Be4 Bh3 21. Bg2
Bf5 22. Be4 1/2-1/2

[Event "Jack Taylor mem."]
[Site "Victoria, BC CAN"]
[Date "2021.11.13"]
[Round "3"]
[White "Trenton, Isaac"]
[Black "Leong, Aiden"]
[Result "1-0"]
[WhiteElo "1540"]
[BlackElo "1400"]
[PlyCount "79"]
[EventDate "2021.11.13"]
[EventType "swiss"]
[EventRounds "5"]
[EventCountry "CAN"]

1. e4 c6 2. d4 d5 3. f3 dxe4 4. fxe4 e5 5. Nf3 exd4 6. Bc4 c5 7. O-O Nc6 8. Ng5
Ne5 9. Nxf7 Nxf7 10. Bxf7+ Kd7 11. Qg4+ Kc7 12. Bf4+ Kb6 13. Qg3 Nf6 14. Nd2 a5
15. Bb8 Be6 16. Bxe6 Rxb8 17. Nc4+ Ka7 18. Qa3 b6 19. e5 Ne4 20. Rf7+ Rb7 21.
Rxb7+ Kxb7 22. Qf3 b5 23. Qxe4+ Kb8 24. Na3 Qb6 25. Qd5 Be7 26. Qd7 Bg5 27. Rf1
b4 28. Nc4 Qa6 29. Qd6+ Qxd6 30. exd6 Re8 31. Bh3 Kb7 32. d7 Re2 33. Nd6+ Kc7
34. Nf7 Bf6 35. Rxf6 gxf6 36. d8=Q+ Kc6 37. Qd7+ Kb6 38. Nd8 Re1+ 39. Kf2 Re6
40. Qb7# 1-0

[Event "Jack Taylor mem."]
[Site "Victoria, BC CAN"]
[Date "2021.11.14"]
[Round "4"]
[White "Huang, Patrick"]
[Black "Kenney, Jason"]
[Result "0-1"]
[WhiteElo "2247"]
[BlackElo "2264"]
[PlyCount "64"]
[EventDate "2021.11.13"]
[EventType "swiss"]
[EventRounds "5"]
[EventCountry "CAN"]

1. d4 d5 2. Bf4 c5 3. e3 Nc6 4. c3 Nf6 5. Nd2 e6 6. Ngf3 cxd4 7. exd4 Nh5 8.
Be5 f6 9. Nh4 g6 10. Bg3 e5 11. dxe5 fxe5 12. Bb5 Bg7 13. Qe2 Nxg3 14. hxg3 O-O
15. O-O-O a6 16. Bd3 Qf6 17. f4 e4 18. Bc2 Be6 19. Bb3 Rac8 20. Kb1 Na5 21. Qe3
b5 22. g4 Nc4 23. Bxc4 bxc4 24. f5 gxf5 25. gxf5 Bf7 26. g4 d4 27. Qxd4 Qxd4
28. cxd4 e3 29. f6 Bxf6 30. Ne4 Bxh4 31. Rxh4 Bg6 32. g5 Rce8 0-1

[Event "Jack Taylor mem."]
[Site "Victoria, BC CAN"]
[Date "2021.11.14"]
[Round "4"]
[White "Leong, Aiden"]
[Black "Pitre, Hanniegn"]
[Result "1-0"]
[WhiteElo "1400"]
[BlackElo "1905"]
[PlyCount "91"]
[EventDate "2021.11.13"]
[EventType "swiss"]
[EventRounds "5"]
[EventCountry "CAN"]

1. e4 d5 2. exd5 Nf6 3. d4 Bg4 4. Be2 Bxe2 5. Qxe2 Qxd5 6. Nf3 e6 7. O-O Nc6 8.
Nc3 Qf5 9. Be3 O-O-O 10. h3 h6 11. a3 g5 12. Rfd1 Bg7 13. Qd3 Rhe8 14. Qxf5
exf5 15. g3 Ne4 16. Ne2 a6 17. b4 Ne7 18. c4 Ng6 19. Rac1 h5 20. h4 f4 21. gxf4
g4 22. Ne5 Nxh4 23. Nxf7 Nf3+ 24. Kh1 Nxf2+ 25. Bxf2 Rxe2 26. Kg2 Bxd4 27. Rf1
Bxf2 28. Rxf2 Rdd2 29. Rxe2 Rxe2+ 30. Kg3 Re7 31. Nh6 Re3 32. f5 Ne5+ 33. Kh4
Rh3+ 34. Kg5 g3 35. f6 g2 36. Rg1 Nf3+ 37. Kg6 Nxg1 38. f7 Rg3+ 39. Kf6 Rf3+
40. Nf5 Kd7 41. f8=Q Rxf5+ 42. Kxf5 Nf3 43. Qf7+ Kd8 44. Kf6 b6 45. Qg8+ Kd7
46. Qxg2 1-0

[Event "Jack Taylor mem."]
[Site "Victoria, BC CAN"]
[Date "2021.11.14"]
[Round "4"]
[White "Patterson, Roger"]
[Black "Moura, Eduardo"]
[Result "1/2-1/2"]
[WhiteElo "2104"]
[BlackElo "2187"]
[PlyCount "61"]
[EventDate "2021.11.13"]
[EventType "swiss"]
[EventRounds "5"]
[EventCountry "CAN"]

1. c4 g6 2. Nc3 Bg7 3. d4 d6 4. e4 Nc6 5. d5 Nd4 6. Be3 c5 7. dxc6 Nxc6 8. Qd2
Be6 9. Nf3 Rc8 10. Rc1 Nf6 11. Be2 Ng4 12. Bf4 Nge5 13. Nxe5 dxe5 14. Qxd8+
Rxd8 15. Be3 Nd4 16. Nd5 Rd7 17. Bd1 O-O 18. Ba4 Rdd8 19. Nxe7+ Kh8 20. Nd5 a6
21. Bd1 f5 22. f3 h5 23. Be2 Kh7 24. Bd3 Bh6 25. Bxh6 Kxh6 26. Kd2 f4 27. Ke1
g5 28. h3 Kg7 29. Kf2 Rd7 30. Rc3 Rh8 31. a3 1/2-1/2

[Event "Jack Taylor mem."]
[Site "Victoria, BC CAN"]
[Date "2021.11.14"]
[Round "4"]
[White "Williamson, Jason"]
[Black "Trenton, Isaac"]
[Result "0-1"]
[WhiteElo "1922"]
[BlackElo "1540"]
[PlyCount "54"]
[EventDate "2021.11.13"]
[EventType "swiss"]
[EventRounds "5"]
[EventCountry "CAN"]

1. e4 c5 2. Nf3 d6 3. d4 cxd4 4. Nxd4 Nf6 5. Nc3 g6 6. Be3 Bg7 7. f3 O-O 8. Qd2
Nc6 9. Bc4 Qa5 10. O-O-O Nxd4 11. Bxd4 Bd7 12. Kb1 b5 13. Nxb5 Qa6 14. Na3 Qb7
15. Qa5 Rfb8 16. Bd5 Nxd5 17. Qxd5 Qa6 18. Bxg7 Kxg7 19. Rd3 Be6 20. Qd4+ Kg8
21. c4 Rb4 22. Rb3 Ra4 23. Rc1 Rc8 24. Rbc3 Rb8 25. Rb3 Rb6 26. Rxb6 axb6 27.
Nb5 Qxb5 0-1

[Event "Jack Taylor mem."]
[Site "Victoria, BC CAN"]
[Date "2021.11.14"]
[Round "5"]
[White "Huang, Patrick"]
[Black "Du Buf, Paul"]
[Result "1-0"]
[WhiteElo "2247"]
[BlackElo "2039"]
[PlyCount "93"]
[EventDate "2021.11.13"]
[EventType "swiss"]
[EventRounds "5"]
[EventCountry "CAN"]

1. d4 d5 2. Bf4 c6 3. e3 Qb6 4. Qc1 h6 5. c4 Bf5 6. Nc3 e6 7. Nf3 g5 8. Bg3 Nf6
9. Be2 Ne4 10. Nxe4 dxe4 11. Nd2 Bb4 12. a3 Bxd2+ 13. Qxd2 Nd7 14. b4 O-O 15.
O-O Bg6 16. c5 Qd8 17. b5 Nxc5 18. bxc6 bxc6 19. Qc3 Nd3 20. f3 f5 21. fxe4
fxe4 22. Qxc6 Qd5 23. Qc7 a5 24. Qe7 Bf5 25. Bh5 Rad8 26. Qc7 Rd7 27. Qc3 Rdd8
28. Bd1 Rc8 29. Qd2 Kh7 30. Rb1 Bg6 31. Rxf8 Rxf8 32. Qc3 h5 33. Qc7+ Rf7 34.
Qc8 Qf5 35. Be2 h4 36. Rf1 Qd5 37. Rxf7+ Bxf7 38. Qf8 Qf5 39. Bxd3 exd3 40. Be5
Kg6 41. Qg7+ Kh5 42. Qh8+ Kg6 43. e4 Qxe4 44. Qf6+ Kh5 45. Qxf7+ Qg6 46. Qxg6+
Kxg6 47. Kf2 1-0

[Event "Jack Taylor mem."]
[Site "Victoria, BC CAN"]
[Date "2021.11.14"]
[Round "5"]
[White "Kenney, Jason"]
[Black "Trenton, Isaac"]
[Result "1-0"]
[WhiteElo "2264"]
[BlackElo "1540"]
[PlyCount "91"]
[EventDate "2021.11.13"]
[EventType "swiss"]
[EventRounds "5"]
[EventCountry "CAN"]

1. e4 c5 2. Nc3 d6 3. d4 cxd4 4. Qxd4 Nc6 5. Qd2 g6 6. b3 Bg7 7. Bb2 Nf6 8.
O-O-O O-O 9. Kb1 Qa5 10. f3 Be6 11. g4 Rfd8 12. Nd5 Qxd2 13. Rxd2 Bxd5 14. exd5
Ne5 15. h4 h6 16. Be2 Rac8 17. Nh3 Rc5 18. Rhd1 g5 19. h5 Rdc8 20. Nf2 a6 21.
Nh1 b5 22. Ng3 Ned7 23. Nf5 Kf8 24. Ba3 R5c7 25. c4 bxc4 26. Bxc4 Nc5 27. Nxg7
Kxg7 28. Bxc5 Rxc5 29. Bxa6 R8c7 30. b4 Rc3 31. Rd3 Rxd3 32. Rxd3 Nd7 33. a4
Ra7 34. Bb5 Nb6 35. a5 Na8 36. Bc6 Nc7 37. Ra3 Kf6 38. b5 Nxb5 39. Bxb5 Ke5 40.
Bc6 f5 41. a6 Kf4 42. gxf5 Kg3 43. Bb7 Kh4 44. Re3 Kg3 45. Rxe7 Kxf3 46. f6 1-0

[Event "Jack Taylor mem."]
[Site "Victoria, BC CAN"]
[Date "2021.11.14"]
[Round "5"]
[White "Leong, Aiden"]
[Black "Patterson, Roger"]
[Result "1-0"]
[WhiteElo "1400"]
[BlackElo "2104"]
[PlyCount "39"]
[EventDate "2021.11.13"]
[EventType "swiss"]
[EventRounds "5"]
[EventCountry "CAN"]

1. e4 c5 2. Nf3 e6 3. d4 cxd4 4. Nxd4 Nf6 5. Nc3 Nc6 6. Ndb5 Bb4 7. a3 Bxc3+ 8.
Nxc3 d5 9. exd5 exd5 10. Bd3 O-O 11. O-O d4 12. Ne2 h6 13. h3 Qb6 14. b4 a6 15.
Bf4 Rd8 16. Qd2 Nd5 17. Bxh6 gxh6 18. Qxh6 Nce7 19. Bh7+ Kh8 20. Bg6+ 1-0

[Event "Jack Taylor mem."]
[Site "Victoria, BC CAN"]
[Date "2021.11.14"]
[Round "5"]
[White "Moura, Eduardo"]
[Black "Leblanc, Paul"]
[Result "1-0"]
[WhiteElo "2187"]
[BlackElo "1739"]
[PlyCount "59"]
[EventDate "2021.11.13"]
[EventType "swiss"]
[EventRounds "5"]
[EventCountry "CAN"]

1. e4 c6 2. c4 d5 3. cxd5 cxd5 4. exd5 Nf6 5. Nc3 Nxd5 6. Nf3 Nc6 7. Bb5 Nxc3
8. bxc3 Qc7 9. d4 e6 10. O-O Bd6 11. Re1 O-O 12. Bd3 g6 13. Qd2 Re8 14. Qh6 Bf8
15. Qh4 Qd8 16. Bg5 Be7 17. Bxe7 Qxe7 18. Ng5 f6 19. Ne4 Kg7 20. Qg3 e5 21. Nc5
Qf7 22. Bb5 exd4 23. cxd4 Rd8 24. Bxc6 bxc6 25. Re3 a5 26. Rae1 Ra7 27. Qb8 Kg8
28. h3 Qc7 29. Re8+ Kf7 30. Qxc7+ 1-0

[Event "Jack Taylor mem."]
[Site "Victoria, BC CAN"]
[Date "2021.11.14"]
[Round "5"]
[White "Setiadikurnia, Sloan Christopher"]
[Black "Moore, Jonathan"]
[Result "1-0"]
[WhiteElo "2141"]
[BlackElo "1572"]
[PlyCount "61"]
[EventDate "2021.11.13"]
[EventType "swiss"]
[EventRounds "5"]
[EventCountry "CAN"]

1. e4 d6 2. d4 Nf6 3. Nc3 g6 4. Be3 Bg7 5. f3 c6 6. Qd2 Nbd7 7. O-O-O Qc7 8.
Bh6 Bxh6 9. Qxh6 b5 10. g4 b4 11. Nce2 c5 12. Nf4 cxd4 13. g5 e5 14. gxf6 exf4
15. Qxf4 Ne5 16. Bb5+ Bd7 17. Bxd7+ Kxd7 18. Qd2 Rac8 19. Kb1 Rhd8 20. f4 Ng4
21. Nf3 Ne3 22. Rc1 Nc4 23. Qxd4 Ke8 24. Rhd1 Kf8 25. Nd2 d5 26. e5 a5 27. f5
a4 28. e6 Nxd2+ 29. Qxd2 fxe6 30. fxe6 Rd6 31. Qh6+ 1-0

[Event "Kari Nurmi mem. Active"]
[Site "Brantford CAN"]
[Date "2021.11.20"]
[Round "1.1"]
[White "Sexton, Joey"]
[Black "Ivanov, Mike"]
[Result "0-1"]
[WhiteElo "942"]
[BlackElo "2393"]
[PlyCount "68"]
[EventDate "2021.11.20"]
[EventType "swiss (rapid)"]
[EventRounds "5"]
[EventCountry "CAN"]

1. e4 e6 2. d4 d5 3. e5 c5 4. c3 Nc6 5. Nf3 Bd7 6. Bb5 Nxe5 7. Bxd7+ Nxd7 8.
Be3 Ngf6 9. O-O Bd6 10. Na3 O-O 11. Nb5 Be7 12. Qd2 Ne4 13. Qc2 a6 14. Na3 cxd4
15. cxd4 Rc8 16. Qe2 b5 17. Rac1 Qa5 18. Qd3 b4 19. Bd2 Ndf6 20. Ne5 Nxd2 21.
Qxd2 Ne4 22. Qe1 Rxc1 23. Qxc1 bxa3 24. Nc6 Qc7 25. f3 axb2 26. Qc2 Nd6 27. Rb1
Nc4 28. Ne5 Bd6 29. Nxc4 dxc4 30. Rxb2 Bxh2+ 31. Kf1 c3 32. Rb3 Qc4+ 33. Ke1
Bg3+ 34. Kd1 Qf1# 0-1

[Event "Kari Nurmi mem. Active"]
[Site "Brantford CAN"]
[Date "2021.11.20"]
[Round "2.1"]
[White "Ivanov, Mike"]
[Black "Glew, Richard"]
[Result "1-0"]
[WhiteElo "2393"]
[BlackElo "1697"]
[PlyCount "51"]
[EventDate "2021.11.20"]
[EventType "swiss (rapid)"]
[EventRounds "5"]
[EventCountry "CAN"]

1. e4 c5 2. Nf3 Nc6 3. Bb5 a6 4. Bxc6 bxc6 5. O-O d5 6. Qe2 Bg4 7. h3 Bh5 8. d3
e6 9. Re1 dxe4 10. dxe4 Be7 11. Na3 Nf6 12. Bf4 O-O 13. Rad1 Qa5 14. Nc4 Qb5
15. b3 Bg6 16. Nfe5 Bxe4 17. Nd7 Bd5 18. Nxf8 Kxf8 19. Ne5 Qxe2 20. Rxe2 Ne4
21. Rd3 f6 22. Nd7+ Ke8 23. Nb6 Rd8 24. c4 e5 25. cxd5 cxd5 26. Bc1 1-0

[Event "Kari Nurmi mem. Active"]
[Site "Brantford CAN"]
[Date "2021.11.20"]
[Round "3.1"]
[White "Lefort, Victor"]
[Black "Ivanov, Mike"]
[Result "0-1"]
[WhiteElo "1781"]
[BlackElo "2393"]
[PlyCount "49"]
[EventDate "2021.11.20"]
[EventType "swiss (rapid)"]
[EventRounds "5"]
[EventCountry "CAN"]

1. e4 e6 2. d4 d5 3. Nc3 Bb4 4. exd5 exd5 5. Bd3 Nc6 6. Nf3 Bg4 7. O-O Qd7 8.
a3 Bxc3 9. bxc3 O-O-O 10. a4 Re8 11. h3 Bh5 12. Ba3 Nf6 13. Rb1 Ne4 14. Rxb7
Kxb7 15. Ba6+ Kxa6 16. Qd3+ Kb7 17. Rb1+ Ka8 18. Ne5 Nxe5 19. dxe5 Rb8 20. Ra1
Qc6 21. g4 Bg6 22. Bb4 Nxf2 23. Qe3 Ne4 24. Kh2 Qb6 25. Kg1 0-1

[Event "Kari Nurmi mem. Active"]
[Site "Brantford CAN"]
[Date "2021.11.20"]
[Round "4.1"]
[White "Ivanov, Mike"]
[Black "Colvin, Andrew"]
[Result "1-0"]
[WhiteElo "2393"]
[BlackElo "1914"]
[PlyCount "59"]
[EventDate "2021.11.20"]
[EventType "swiss (rapid)"]
[EventRounds "5"]
[EventCountry "CAN"]

1. e4 e6 2. d4 d5 3. e5 c5 4. c3 Nc6 5. Nf3 Qb6 6. Bd3 Bd7 7. O-O cxd4 8. Re1
Rc8 9. Nbd2 dxc3 10. bxc3 Bc5 11. Qe2 Nge7 12. Nb3 Na5 13. Nxc5 Qxc5 14. Be3
Qc7 15. Rab1 b6 16. h4 Nc4 17. Bf4 h6 18. h5 Na3 19. Rb3 Nc4 20. Nd4 a6 21. Qg4
Kf8 22. Rbb1 b5 23. Qg3 Nb6 24. Rbc1 Na4 25. Bd2 Nc6 26. Bxb5 Nxd4 27. cxd4 Qd8
28. Bxd7 Qxd7 29. Qa3+ Kg8 30. Rxc8+ 1-0

[Event "Kari Nurmi mem. Active"]
[Site "Brantford CAN"]
[Date "2021.11.20"]
[Round "5.1"]
[White "Gooding, Gordon"]
[Black "Ivanov, Mike"]
[Result "0-1"]
[WhiteElo "1982"]
[BlackElo "2393"]
[PlyCount "169"]
[EventDate "2021.11.20"]
[EventType "swiss (rapid)"]
[EventRounds "5"]
[EventCountry "CAN"]

1. d4 Nf6 2. Nf3 e6 3. e3 c5 4. Bd3 b6 5. Nbd2 Bb7 6. O-O Nc6 7. a3 Be7 8. b3
cxd4 9. exd4 O-O 10. Bb2 Rc8 11. Re1 Qc7 12. c4 d5 13. Rc1 dxc4 14. bxc4 Rfd8
15. Qe2 Qf4 16. Qe3 Qxe3 17. fxe3 Na5 18. h3 Ba6 19. Rc2 Ne8 20. Bf1 Nd6 21.
Rec1 Nf5 22. Kf2 Bb7 23. Bd3 Nh4 24. g3 Nxf3 25. Nxf3 Nb3 26. Rd1 Bc6 27. Rc3
Na5 28. Ne5 Ba4 29. Rdc1 f6 30. Nf3 Nb7 31. Nd2 Be8 32. Rb1 e5 33. Bf5 Bd7 34.
Be4 exd4 35. exd4 Nd6 36. Bd5+ Kf8 37. g4 Be8 38. Re1 Bf7 39. Rce3 Bxd5 40.
Rxe7 Nxc4 41. Bc3 a5 42. Nxc4 Rxc4 43. Bb2 Rc2+ 44. R1e2 Rxe2+ 45. Rxe2 Rc8 46.
h4 b5 47. Ke3 Kf7 48. Kf4 b4 49. axb4 axb4 50. g5 b3 51. Ba3 Rc7 52. Bc5 Rb7
53. Ba3 Bc4 54. Rd2 Ra7 55. Bb4 Ke6 56. Bc3 Kd5 57. gxf6 Rf7 58. Kg4 Rxf6 59.
h5 Rf1 60. Kg5 Rg1+ 61. Kf4 Rh1 62. Kg4 Rc1 63. Bb2 Rg1+ 64. Kf4 Rf1+ 65. Kg4
Bb5 66. Kh4 Rf3 67. Kg4 Rf1 68. Kh4 Bd7 69. Rg2 Bf5 70. Re2 Be4 71. Kg3 Rf3+
72. Kg4 Rd3 73. Kf4 Rf3+ 74. Kg4 Rf1 75. Rh2 Bf3+ 76. Kg3 Bd1 77. h6 g5 78. Rf2
Rxf2 79. Kxf2 Ke4 80. Ke1 Bf3 81. Kf2 g4 82. Kg3 Kd3 83. d5 Bxd5 84. Kxg4 Kc2
85. Kg3 0-1